The book of God and man ; a study of Job.

Bibliographic Details
Main Author: Gordis, Robert, 1908-
Format: Book
Language:English
Published: Chicago : University of Chicago Press, [1965]
Subjects:

MARC

Tag First Indicator Second Indicator Subfields
LEADER 00000cam a22000001 4500
001 in00000052178
005 20151007080347.0
008 720601s1965 ilu b 00000 eng
010 |a  65025126  
035 |a (OCoLC)00381763 
035 |9 AAF4683AM 
040 |a DLC  |c DLC  |d TXA  |d UtOrBLW 
049 |a TXAM  |c 1 [450584]  |c 2 [419486] 
050 0 0 |a BS1415.2  |b .G6 
082 0 |a 223.106 
092 |a 223.1  |b G661b 
100 1 |a Gordis, Robert,  |d 1908- 
245 1 4 |a The book of God and man ;  |b a study of Job. 
264 1 |a Chicago :  |b University of Chicago Press,  |c [1965] 
300 |a xii, 389 pages ;  |c 24 cm. 
336 |a text  |b txt  |2 rdacontent 
337 |a unmediated  |b n  |2 rdamedia 
338 |a volume  |b nc  |2 rdacarrier 
504 |a Bibliography: pages 367-376. 
630 0 0 |a Bible.  |p Job  |x Criticism, interpretation, etc. 
999 |a MARS 
999 f f |s c3834f1c-5bbf-37de-9b4d-23b418946428  |i d1e34b9e-3f4e-3909-b9fa-f0e8b6fe9dad  |t 0 
952 f f |p ric  |a Texas A&M University  |b Rellis Campus  |c Joint Library Facility  |s JLF  |d Remote Storage  |t 0  |e BS1415.2 .G6  |h Library of Congress classification  |i unmediated -- volume  |m A14800603287 
998 f f |a BS1415.2 .G6  |t 0  |l Remote Storage